| 000 | 00598nam a2200193Ia 4500 | ||
|---|---|---|---|
| 008 | 130821s2011 ck gr spa | ||
| 020 | _a978 958 8617 11 4 | ||
| 040 |
_aCo-BoUCM _bspa |
||
| 041 | 0 | 0 | _aspa |
| 100 | 1 | _aAllende, Isabel | |
| 245 | 1 | 3 |
_aEl cuaderno de Maya _cIsabel Ayende |
| 260 |
_aBogotá (Colombia) _bPlaza & Janés _c2011 |
||
| 300 | _a442 páginas | ||
| 650 |
_aLiteratura chilena _918625 |
||
| 650 |
_aLiteratura latinoamericana _918700 |
||
| 650 |
_aNovela chilena _920481 |
||
| 942 |
_cLIBRO _a18 _e1 _kCH _mA425cu _2DEWEY _h863.44 |
||
| 999 |
_c75877 _d75877 |
||